Fandango rock
Guardado en:
| Autor principal: | |
|---|---|
| Formato: | Libro |
| Lenguaje: | Undetermined |
| Publicado: |
Londres, Inglaterra
Penguin Books
1961
|
| Materias: | |
| Etiquetas: |
Agregar Etiqueta
Sin Etiquetas, Sea el primero en etiquetar este registro!
|
MARC
| LEADER | 00000nam a2200000Ia 4500 | ||
|---|---|---|---|
| 008 | 170316s9999 xx 000 0 und d | ||
| 040 | |a cru BVZT | ||
| 090 | |a 810 M-13f | ||
| 100 | |a Masters, John | ||
| 245 | |a Fandango rock | ||
| 260 | |a Londres, Inglaterra | ||
| 260 | |b Penguin Books | ||
| 260 | |c 1961 | ||
| 300 | |a 351 páginas | ||
| 650 | |a LITERATURA ESTADOUNIDENSE | ||
| 999 | |c 5887 |d 5887 | ||
| 942 | |c 15 D |h 810 M-13f |2 z | ||
